| 000 | 00351 a2200109 4500 | ||
|---|---|---|---|
| 001 | ART_43975 | ||
| 005 | 20260410162013.0 | ||
| 008 | 260409a | ||
| 245 | 1 | 0 | _aConflicto de intereses en la contratación administrativa |
| 100 | 1 | _aSchurig, Harry | |
| 773 | 0 |
_tTemas de derecho administrativo _g- Año 2, Nº 8 (ago. 2017) _wREV40468 |
|
| 999 |
_c32362 _d32362 |
||